00427nam a2200109Ia 4500008004100000050002400041100003000065245008800095260008600183300002100269521002700290140724s9999 xx 000 0 und d aT 58.6b.Am481 2014 aAmado, Emmanuel Angelo S. aElectronic stock management system for pioneer company /cEmmanuel Angelo S. Amado. aLas Piñas, Philippines :bSouthville International School and Colleges,cc2014. a108 p. :c28 cm. aInformation Technology